| 000 | 00796cab a2200241 4500 | ||
|---|---|---|---|
| 001 | ABS55028 | ||
| 008 | 090401t1996 xxu||||| |||| 00| 0 eng d | ||
| 035 | _a(Sirsi) u13685 | ||
| 041 | _aeng | ||
| 100 | _aBaber, P. | ||
| 245 | _aDefining the character of the countryside | ||
| 260 | _c1996 | ||
| 350 | _a0 | ||
| 490 |
_aPlanning Week _v4(17) 25 April 1996, 9(1) |
||
| 520 | _aConsiders the pros and cons of the forthcoming countryside character map which attempts to define and divide the countryside by its amenity value and the controversy it is producing. | ||
| 650 | _aAMENITY VALUE | ||
| 650 | _aCOUNTRYSIDE CHARACTER MAP | ||
| 650 | _aLANDSCAPE MAPS | ||
| 690 | _aENVIRONMENTAL AND LAND CONSULTANCY | ||
| 690 | _aMAPPING AND MEASUREMENT | ||
| 942 | _n0 | ||
| 948 | _c04/03/1997 | ||
| 999 |
_c8807 _d8807 |
||